[Event "Politiken Cup 2007"]
[Site "Helsingor"]
[Date "2007.07.21"]
[Round "1.2"]
[White "Johansson, Alexander"]
[Black "Sargissian, Gabriel"]
[Result "0-1"]
[WhiteElo "2028"]
[BlackElo "2667"]
[PlyCount "74"]
[EventDate "2007.??.??"]

1. d4 Nf6 2. c4 e6 3. g3 d5 4. Bg2 Bb4+ 5. Bd2 Be7 6. Nc3 O-O 7. Nf3 dxc4 8.
Qa4 a6 9. Qxc4 b5 10. Qd3 Bb7 11. Bg5 c5 12. O-O Nbd7 13. e4 cxd4 14. Qxd4 h6
15. Bxf6 Bxf6 16. Qe3 Qb6 17. Qe2 Ne5 18. Nxe5 Bxe5 19. Rac1 Rac8 20. Nb1 a5
21. Kh1 b4 22. Rfd1 Ba6 23. Qd2 Rxc1 24. Rxc1 Rd8 25. Qe1 Bxb2 26. Rc2 Bd4 27.
Bf1 Bb7 28. f3 a4 29. Bc4 Bf6 30. Qe2 b3 31. axb3 axb3 32. Rc1 b2 33. Rf1 Rc8
34. Rd1 Qb4 35. Nd2 Bc3 36. Nb1 Qxc4 37. Rd8+ Kh7 0-1

[Event "Politiken Cup 2007"]
[Site "Helsingor"]
[Date "2007.07.21"]
[Round "1.3"]
[White "Krasenkow, Michal"]
[Black "Petersen, Nils"]
[Result "1-0"]
[WhiteElo "2660"]
[BlackElo "2026"]
[PlyCount "111"]
[EventDate "2007.??.??"]

1. d4 Nf6 2. c4 e6 3. Nf3 b6 4. a3 Bb7 5. Nc3 Be7 6. d5 O-O 7. e4 exd5 8. cxd5
d6 9. Bc4 c6 10. O-O cxd5 11. Nxd5 Nxd5 12. Bxd5 Bxd5 13. Qxd5 Nd7 14. Bf4 Nf6
15. Qd3 Nh5 16. Be3 g6 17. Rac1 Rc8 18. Rxc8 Qxc8 19. Rc1 Qb7 20. Qc4 Bf6 21.
b4 Re8 22. Nd2 Rd8 23. Qc7 Qa8 24. a4 Ng7 25. Qc6 Qxc6 26. Rxc6 Ne6 27. f4 Rd7
28. f5 Nd8 29. Rc8 Kf8 30. a5 bxa5 31. bxa5 Ke7 32. a6 Be5 33. Nf3 f6 34. Nxe5
dxe5 35. Kf2 gxf5 36. exf5 Kd6 37. Ra8 Nc6 38. Rf8 Nb4 39. Rxf6+ Kd5 40. Rh6 e4
41. g4 Nd3+ 42. Kg3 Rf7 43. h4 Ne5 44. h5 Nc4 45. Kf4 Nxe3 46. Kxe3 Rc7 47. Re6
Rc3+ 48. Kf4 Rf3+ 49. Kg5 e3 50. Re7 Kd4 51. Rxa7 e2 52. Re7 Re3 53. Rxe3 Kxe3
54. a7 e1=Q 55. a8=Q Kf2 56. Kh6 1-0

[Event "Politiken Cup 2007"]
[Site "Helsingor"]
[Date "2007.07.21"]
[Round "1.4"]
[White "Nielsen, John Holm"]
[Black "Nielsen, Peter Heine"]
[Result "0-1"]
[WhiteElo "2024"]
[BlackElo "2637"]
[PlyCount "58"]
[EventDate "2007.??.??"]

1. Nc3 c5 2. Nf3 Nf6 3. d4 cxd4 4. Nxd4 a6 5. g3 e6 6. Bg2 Be7 7. O-O O-O 8. e4
d6 9. Be3 Qc7 10. a4 Nc6 11. Qe2 Rb8 12. Rfd1 Na5 13. Na2 Bd7 14. b3 Rfc8 15.
Rd2 Bf8 16. Rad1 h6 17. h3 e5 18. Nf5 d5 19. f3 d4 20. Bf2 g6 21. Nh4 Nh5 22.
f4 exf4 23. g4 Ng3 24. Bxg3 fxg3 25. Nf3 Nc6 26. c3 Be6 27. cxd4 Bxb3 28. Rc1
Bxa2 29. Rxa2 Nxd4 0-1

[Event "Politiken Cup 2007"]
[Site "Helsingor"]
[Date "2007.07.21"]
[Round "1.5"]
[White "Khenkin, Igor"]
[Black "Arvola, Benjamin"]
[Result "1/2-1/2"]
[WhiteElo "2602"]
[BlackElo "2022"]
[PlyCount "65"]
[EventDate "2007.??.??"]

1. d4 Nf6 2. c4 g6 3. Nc3 Bg7 4. e4 d6 5. f3 O-O 6. Nge2 c5 7. d5 e6 8. Ng3
exd5 9. cxd5 Na6 10. Be2 Nc7 11. O-O b5 12. Nxb5 Nxb5 13. Bxb5 Rb8 14. Be2 Nd7
15. Qc2 h5 16. Nh1 Bd4+ 17. Nf2 Ne5 18. Rb1 f5 19. Bh6 fxe4 20. Bxf8 exf3 21.
Bxf3 Nxf3+ 22. gxf3 Bf5 23. Qe2 Qxf8 24. Kg2 Bxb1 25. Rxb1 Be5 26. Nd3 Re8 27.
Qe4 Bg7 28. Qxg6 Re2+ 29. Nf2 Qf4 30. b3 h4 31. Rg1 Qd4 32. Rf1 h3+ 33. Kxh3
1/2-1/2

[Event "Politiken Cup 2007"]
[Site "Helsingor"]
[Date "2007.07.21"]
[Round "1.7"]
[White "Berg, Emanuel"]
[Black "Svendsen, Peter"]
[Result "1-0"]
[WhiteElo "2580"]
[BlackElo "2015"]
[PlyCount "45"]
[EventDate "2007.??.??"]

1. e4 e5 2. Nf3 Nf6 3. Nc3 d6 4. d4 Nbd7 5. Bc4 Be7 6. O-O O-O 7. Re1 c6 8. a4
b6 9. d5 Bb7 10. a5 bxa5 11. dxc6 Bxc6 12. Bg5 Rb8 13. b3 Qc7 14. Nh4 Rfc8 15.
Nf5 Bf8 16. Qf3 Rb4 17. Re3 a4 18. Nh6+ gxh6 19. Bxf6 Bg7 20. Bxg7 Kxg7 21.
Qxf7+ Kh8 22. Rg3 Rxc4 23. Qg7# 1-0

[Event "Politiken Cup 2007"]
[Site "Helsingor"]
[Date "2007.07.21"]
[Round "1.8"]
[White "Preuss, Flemming"]
[Black "Hillarp Persson, Tiger"]
[Result "0-1"]
[WhiteElo "2013"]
[BlackElo "2568"]
[PlyCount "48"]
[EventDate "2007.??.??"]

1. e4 g6 2. d4 Bg7 3. Nc3 d6 4. f4 a6 5. Nf3 b5 6. Bd3 Nd7 7. e5 c5 8. Be3 Bb7
9. dxc5 dxe5 10. fxe5 Nxe5 11. Nxe5 Bxe5 12. O-O Nf6 13. Kh1 b4 14. Ne2 Qd5 15.
Rf3 Ng4 16. Nf4 Nxe3 17. Nxd5 Nxd1 18. Rxd1 Bxd5 19. Bb5+ axb5 20. Rxd5 f6 21.
c6 Rc8 22. Rxb5 Rxc6 23. Rxb4 Rxc2 24. Rfb3 Rc1# 0-1

[Event "Politiken Cup 2007"]
[Site "Helsingor"]
[Date "2007.07.21"]
[Round "1.9"]
[White "Nyback, Tomi"]
[Black "Henrichsen, Jens"]
[Result "1-0"]
[WhiteElo "2567"]
[BlackElo "2010"]
[PlyCount "65"]
[EventDate "2007.??.??"]

1. Nf3 Nf6 2. c4 e6 3. Nc3 b6 4. g3 Bb7 5. Bg2 c5 6. O-O a6 7. Re1 Be7 8. e4 d6
9. d4 cxd4 10. Nxd4 Qc7 11. Be3 O-O 12. Rc1 Nbd7 13. f4 Rfe8 14. g4 Nc5 15. Bf2
g6 16. b4 Ncd7 17. Nd5 exd5 18. cxd5 Qb8 19. Nc6 Bxc6 20. dxc6 Nf8 21. e5 dxe5
22. fxe5 Bxb4 23. c7 Qc8 24. exf6 Bxe1 25. Bxe1 Ra7 26. Bg3 Ne6 27. Bc6 Nc5 28.
Bxe8 Qxe8 29. Qd8 Ra8 30. Rd1 Ne6 31. Qe7 Rc8 32. Rd7 b5 33. Bf2 1-0

[Event "Politiken Cup 2007"]
[Site "Helsingor"]
[Date "2007.07.21"]
[Round "1.10"]
[White "Nurmi, Timo"]
[Black "Hector, Jonny"]
[Result "0-1"]
[WhiteElo "2008"]
[BlackElo "2550"]
[PlyCount "90"]
[EventDate "2007.??.??"]

1. d4 d5 2. Nf3 Nf6 3. e3 c6 4. c3 Bf5 5. Bd3 e6 6. Qc2 Bxd3 7. Qxd3 Ne4 8.
Nfd2 f5 9. Nxe4 fxe4 10. Qe2 Bd6 11. Qh5+ g6 12. Qh6 Nd7 13. Nd2 Qe7 14. f4
exf3 15. Nxf3 O-O-O 16. e4 dxe4 17. Bg5 Qf7 18. Nd2 e5 19. Nxe4 Bc7 20. Bxd8
Rxd8 21. O-O-O Qxa2 22. Qh3 Kb8 23. Nc5 Nb6 24. c4 Nxc4 25. Qb3 Qxb3 26. Nxb3
Ne3 27. Rd2 Nc4 28. Rf2 exd4 29. Rhf1 Ne3 30. Rh1 b6 31. Rf7 Nxg2 32. Rxh7 Bf4+
33. Kb1 g5 34. Rg1 Nh4 35. Rg4 Be3 36. Re4 Nf5 37. Re5 Rf8 38. Re6 c5 39. Na5
bxa5 40. Ra6 Rd8 41. Raxa7 Nd6 42. Ra6 Nc8 43. Rxa5 Rd6 44. Rb5+ Nb6 45. Rxc5
d3 0-1

[Event "Politiken Cup 2007"]
[Site "Helsingor"]
[Date "2007.07.21"]
[Round "1.11"]
[White "Godena, Michele"]
[Black "Jensen, Soren Holm"]
[Result "1-0"]
[WhiteElo "2547"]
[BlackElo "2004"]
[PlyCount "67"]
[EventDate "2007.??.??"]

1. e4 e5 2. Nf3 Nc6 3. Bc4 Bc5 4. c3 Nf6 5. d3 a6 6. Bb3 d6 7. Nbd2 Ba7 8. Nf1
O-O 9. Bg5 Be6 10. Ng3 h6 11. Bh4 g6 12. Qd2 Kg7 13. h3 Qe7 14. Bc2 Rfe8 15. d4
Bd7 16. O-O-O Rad8 17. Rhe1 b5 18. d5 Na5 19. b3 Nb7 20. Nf1 Rc8 21. g4 c6 22.
g5 hxg5 23. Bxg5 Rh8 24. Ng3 Rxh3 25. Nh4 Rh2 26. Rh1 Rxf2 27. Nhf5+ Bxf5 28.
Nxf5+ Rxf5 29. exf5 cxd5 30. Qh2 Be3+ 31. Bxe3 Nh5 32. fxg6 fxg6 33. Rdg1 e4
34. Qxh5 1-0

[Event "Politiken Cup 2007"]
[Site "Helsingor"]
[Date "2007.07.21"]
[Round "1.12"]
[White "Kokholm, Daniel"]
[Black "Agrest, Evgenij"]
[Result "0-1"]
[WhiteElo "2000"]
[BlackElo "2541"]
[PlyCount "64"]
[EventDate "2007.??.??"]

1. d4 Nf6 2. Nc3 d5 3. e4 dxe4 4. f3 e3 5. Bxe3 Nbd7 6. Bc4 Nb6 7. Bd3 c6 8.
Qd2 e6 9. Nh3 Nbd5 10. Ne4 Nxe3 11. Qxe3 Nd5 12. Qd2 Qh4+ 13. Nhf2 Qf4 14. Qxf4
Nxf4 15. Bf1 Be7 16. O-O-O Nd5 17. Kb1 O-O 18. g3 Rd8 19. c3 b6 20. Nd3 Bb7 21.
h4 c5 22. dxc5 Ne3 23. Rd2 bxc5 24. Kc1 c4 25. Ne1 Bd5 26. Be2 f5 27. Ng5 Bd6
28. Rg1 Bc5 29. Rh1 Rd6 30. Kb1 Rad8 31. Nc2 h6 32. Nh3 Be4 0-1

[Event "Politiken Cup 2007"]
[Site "Helsingor"]
[Date "2007.07.21"]
[Round "1.14"]
[White "Green, Per"]
[Black "Lie, Kjetil A"]
[Result "0-1"]
[WhiteElo "1997"]
[BlackElo "2536"]
[PlyCount "150"]
[EventDate "2007.??.??"]

1. Nf3 c5 2. c4 g6 3. e4 Bg7 4. d4 cxd4 5. Nxd4 Nc6 6. Be3 Nf6 7. Nc3 O-O 8.
Be2 d6 9. Qd2 Bd7 10. O-O Nxd4 11. Bxd4 Bc6 12. f3 a5 13. b3 Nd7 14. Be3 Nc5
15. Rab1 Qb6 16. Rfd1 Qb4 17. Nd5 Bxd5 18. exd5 Rfe8 19. Bf1 e6 20. dxe6 Rxe6
21. Bf2 Rae8 22. g3 Qxd2 23. Rxd2 Bh6 24. Rd5 Be3 25. Rbd1 Rf6 26. Bxe3 Rxe3
27. f4 Ree6 28. Bg2 Re2 29. R5d2 Rfe6 30. Kf1 Rxd2 31. Rxd2 b6 32. Bf3 Kf8 33.
Kf2 h6 34. Bd5 Re8 35. Bc6 Rc8 36. Bg2 Ke7 37. Bd5 Rc7 38. Re2+ Kd8 39. Re3 Na6
40. Re2 Nb4 41. Rd2 Re7 42. Bf3 Kc7 43. a3 Na6 44. Bd1 Nc5 45. Bc2 a4 46. b4
Ne4+ 47. Bxe4 Rxe4 48. Rc2 Kc6 49. Rc1 f5 50. Kf3 g5 51. fxg5 hxg5 52. Kf2 g4
53. Rc3 Kc7 54. Rc1 Kc6 55. Rc3 d5 56. b5+ Kc5 57. cxd5+ Kxb5 58. Rd3 Kc4 59.
Rd1 Re7 60. d6 Rd7 61. Ke3 Kc5 62. Kf4 Rxd6 63. Rc1+ Kb5 64. Kxf5 Rd4 65. Rc3
Rc4 66. Rxc4 Kxc4 67. Kxg4 b5 68. h4 b4 69. axb4 a3 70. h5 a2 71. h6 a1=Q 72.
Kf5 Qh8 73. Kg6 Qg8+ 74. Kf6 Qxg3 75. h7 Qc3+ 0-1

[Event "Politiken Cup 2007"]
[Site "Helsingor"]
[Date "2007.07.21"]
[Round "1.16"]
[White "Knudsen, Jes West"]
[Black "Brynell, Stellan"]
[Result "0-1"]
[WhiteElo "1990"]
[BlackElo "2470"]
[PlyCount "32"]
[EventDate "2007.??.??"]

1. e4 e6 2. d3 d5 3. Nd2 Nf6 4. Ngf3 b6 5. e5 Nfd7 6. g3 c5 7. Bg2 Nc6 8. c4
Be7 9. Qa4 Qc7 10. cxd5 exd5 11. O-O O-O 12. Re1 Bb7 13. e6 fxe6 14. Rxe6 Nde5
15. Ne1 Nd4 16. Rxe7 Qxe7 0-1

[Event "Politiken Cup 2007"]
[Site "Helsingor"]
[Date "2007.07.21"]
[Round "1.17"]
[White "Rohit, G."]
[Black "Goes, Dirk"]
[Result "1-0"]
[WhiteElo "2470"]
[BlackElo "1987"]
[PlyCount "61"]
[EventDate "2007.??.??"]

1. e4 Nf6 2. e5 Nd5 3. d4 d6 4. Nf3 dxe5 5. Nxe5 c6 6. Be2 Nd7 7. Nf3 g6 8. c4
Nc7 9. O-O Bg7 10. Nc3 O-O 11. Bg5 Nb6 12. h3 Be6 13. b3 f6 14. Be3 Bf7 15. Qc2
e6 16. Rfe1 Qe7 17. Bf1 Rfe8 18. Ne4 Nc8 19. Bf4 h6 20. Bd3 g5 21. Bd2 b6 22.
Ng3 Qd7 23. Rad1 Ne7 24. Bc3 f5 25. d5 cxd5 26. Bxg7 Kxg7 27. Qc3+ d4 28. Nxd4
Kg8 29. Nf3 Qc8 30. Qf6 Ng6 31. Nh5 1-0

[Event "Politiken Cup 2007"]
[Site "Helsingor"]
[Date "2007.07.21"]
[Round "1.18"]
[White "Mamak, Wojciech"]
[Black "Cmilyte, Viktorija"]
[Result "0-1"]
[WhiteElo "1985"]
[BlackElo "2467"]
[PlyCount "162"]
[EventDate "2007.??.??"]

1. d4 d5 2. Nf3 Nf6 3. g3 c6 4. Bg2 Bg4 5. Ne5 Bh5 6. c4 e6 7. Qb3 Qc8 8. Nc3
Nbd7 9. Bf4 Nxe5 10. Bxe5 Be7 11. O-O O-O 12. e4 dxc4 13. Qxc4 b5 14. Qb3 Rd8
15. Rac1 Ng4 16. h3 Nxe5 17. dxe5 b4 18. Na4 Be2 19. Rfe1 Bb5 20. Nc5 a5 21.
Bf1 Qb8 22. f4 Bxf1 23. Kxf1 Rd2 24. Re2 Qb5 25. Qc4 Rd1+ 26. Re1 Rd4 27. Qxb5
cxb5 28. Nb3 Rd3 29. Kf2 a4 30. Nc5 Rd4 31. Nb7 Rd7 32. Nc5 Rc7 33. Nd3 Rc4 34.
Ke3 h5 35. Red1 Rac8 36. h4 g6 37. b3 Rc3 38. Rxc3 bxc3 39. bxa4 bxa4 40. Rc1
Bd8 41. Rc2 Bb6+ 42. Ke2 Rc4 43. Nf2 Rb4 44. Kd3 Rb1 45. Nh3 Rh1 46. Ng5 Rg1
47. Kxc3 Rxg3+ 48. Kb4 Rg4 49. Kb5 Be3 50. Rc8+ Kg7 51. Rc7 Bxf4 52. Rxf7+ Kg8
53. Rf6 Bxg5 54. hxg5 Rxg5 55. Rxe6 h4 56. Kc6 h3 57. Re8+ Kg7 58. Re7+ Kf8 59.
Rh7 Rxe5 60. Rxh3 Rxe4 61. Kd5 Rg4 62. Ke6 Kg7 63. Rh2 Re4+ 64. Kd5 Re3 65. Rh4
a3 66. Rh2 g5 67. Kd4 Rg3 68. Ke4 Kg6 69. Ke5 Re3+ 70. Kd4 Rf3 71. Ke4 g4 72.
Ke5 Kg5 73. Ke4 Rf8 74. Ke5 g3 75. Rc2 Kg4 76. Rc4+ Kh3 77. Rc7 g2 78. Rh7+ Kg3
79. Rg7+ Kh2 80. Rh7+ Kg1 81. Rb7 Rh8 0-1

[Event "Politiken Cup 2007"]
[Site "Helsingor"]
[Date "2007.07.21"]
[Round "1.20"]
[White "Svanholm, Børge Waaktaar"]
[Black "Ivanov, Mikhail M"]
[Result "0-1"]
[WhiteElo "1977"]
[BlackElo "2455"]
[PlyCount "68"]
[EventDate "2007.??.??"]

1. c4 Nf6 2. g3 c6 3. Bg2 d5 4. cxd5 cxd5 5. d4 Bf5 6. Nf3 e6 7. O-O Nc6 8. Nc3
h6 9. Bf4 Be7 10. Rc1 O-O 11. a3 Rc8 12. b4 a5 13. b5 Nb8 14. Qb3 Nbd7 15. Na4
g5 16. Rxc8 Qxc8 17. Rc1 Qa8 18. Bc7 Rc8 19. Qb2 Ne8 20. b6 Bd6 21. Bxd6 Nxd6
22. Nd2 Qa6 23. Bf1 Rxc1 24. Qxc1 Qb5 25. Nc5 Qc6 26. Qc3 a4 27. Qb4 Nxb6 28.
Bg2 Qb5 29. e4 Qxb4 30. axb4 dxe4 31. Ndxe4 Bxe4 32. Nxe4 Nxe4 33. Bxe4 a3 34.
Bb1 Nd5 0-1

[Event "Politiken Cup 2007"]
[Site "Helsingor"]
[Date "2007.07.21"]
[Round "1.21"]
[White "Rasmussen, Allan Stig"]
[Black "Danielsson, Robert"]
[Result "1-0"]
[WhiteElo "2450"]
[BlackElo "1973"]
[PlyCount "63"]
[EventDate "2007.??.??"]

1. e4 c5 2. d3 g6 3. f4 Bg7 4. c3 Nc6 5. Be3 d6 6. Nd2 e6 7. Ngf3 Nge7 8. Be2
b6 9. d4 cxd4 10. cxd4 O-O 11. O-O d5 12. e5 Bb7 13. a3 a5 14. Nb1 Ba6 15. Bxa6
Rxa6 16. Nc3 Ra8 17. g4 Qd7 18. Nh4 f5 19. exf6 Bxf6 20. Nf3 Nc8 21. b3 Be7 22.
h3 Bd6 23. Qd2 Rb8 24. Ne2 Qe7 25. Qc1 N8a7 26. Kg2 Rbc8 27. Qb2 Nb5 28. a4 Nb4
29. Ne1 Na7 30. Qd2 Qc7 31. Rc1 Qxc1 32. Nxc1 1-0

[Event "Politiken Cup 2007"]
[Site "Helsingor"]
[Date "2007.07.21"]
[Round "1.22"]
[White "Frank-Nielsen, Marie"]
[Black "Karttunen, Mika"]
[Result "0-1"]
[WhiteElo "1967"]
[BlackElo "2447"]
[PlyCount "60"]
[EventDate "2007.??.??"]

1. e4 Nf6 2. e5 Nd5 3. c4 Nb6 4. d4 d6 5. exd6 exd6 6. Nf3 Be7 7. Bd3 O-O 8.
Be3 Nc6 9. a3 d5 10. b3 dxc4 11. bxc4 Bf6 12. h3 Be6 13. c5 Nd5 14. O-O g6 15.
Nbd2 Nxe3 16. fxe3 Nxd4 17. Rb1 Nxf3+ 18. Nxf3 Bd5 19. Qc2 Qe7 20. e4 Bc6 21.
Rbe1 Bg7 22. h4 Rad8 23. h5 Rd7 24. hxg6 hxg6 25. e5 Rd5 26. e6 Qxc5+ 27. Qxc5
Rxc5 28. exf7+ Rxf7 29. Bxg6 Rxf3 30. Rxf3 Bxf3 0-1

[Event "Politiken Cup 2007"]
[Site "Helsingor"]
[Date "2007.07.21"]
[Round "1.23"]
[White "Skytte, Rasmus"]
[Black "Tuomisto, Keijo"]
[Result "1-0"]
[WhiteElo "2416"]
[BlackElo "1965"]
[PlyCount "73"]
[EventDate "2007.??.??"]

1. e4 e5 2. Bc4 Nc6 3. Nc3 Nf6 4. d3 d6 5. f4 Be6 6. Bb5 exf4 7. Bxf4 Be7 8.
Nf3 O-O 9. O-O a6 10. Ba4 Rb8 11. Qd2 b5 12. Bb3 Bxb3 13. axb3 Qc8 14. Ne2 Nd8
15. Ng3 Ne8 16. Nf5 Bf6 17. Bg5 Kh8 18. Bxf6 Nxf6 19. Nxg7 Qg4 20. Nf5 Nh5 21.
h3 Qg6 22. Qc3+ f6 23. N3h4 Qf7 24. Rxa6 Ne6 25. Ra7 Rbd8 26. Kh2 Rd7 27. Qc6
b4 28. Nh6 Qe8 29. N4f5 Nd8 30. Qa4 Qe6 31. Ng4 Ng7 32. Nxg7 Rxg7 33. Rf5 Qf7
34. Ra8 h5 35. Nxf6 Rxg2+ 36. Kxg2 Qg6+ 37. Kf1 1-0

[Event "Politiken Cup 2007"]
[Site "Helsingor"]
[Date "2007.07.21"]
[Round "1.24"]
[White "Nielsen, Preben"]
[Black "Hammer, Jon Ludvig"]
[Result "0-1"]
[WhiteElo "1962"]
[BlackElo "2412"]
[PlyCount "58"]
[EventDate "2007.??.??"]

1. e4 e5 2. Nf3 Nc6 3. Nc3 Nf6 4. Bc4 Nxe4 5. Nxe4 d5 6. Bxd5 Qxd5 7. Nc3 Qd8
8. d3 Bg4 9. h3 Bh5 10. g4 Bg6 11. Qe2 Bb4 12. Bd2 Qd6 13. O-O-O O-O-O 14. Ne4
Bxd2+ 15. Rxd2 Qe6 16. Kb1 h5 17. g5 h4 18. Qe3 Bf5 19. Nc5 Qd5 20. Ne4 b6 21.
Nc3 Qe6 22. Ne1 Nd4 23. Ng2 Qc6 24. f4 Rhe8 25. fxe5 Nxc2 26. Qf2 Nd4 27. Rc1
Nf3 28. Ne4 Nxd2+ 29. Qxd2 Qxe4 0-1

[Event "Politiken Cup 2007"]
[Site "Helsingor"]
[Date "2007.07.21"]
[Round "1.25"]
[White "Antonsen, Mikkel"]
[Black "Petersen, Lars"]
[Result "1-0"]
[WhiteElo "2406"]
[BlackElo "1958"]
[PlyCount "109"]
[EventDate "2007.??.??"]

1. d4 Nf6 2. c4 c5 3. d5 b5 4. cxb5 a6 5. bxa6 Bxa6 6. Nc3 g6 7. g3 Bg7 8. Bg2
d6 9. Nf3 O-O 10. O-O Nbd7 11. Qc2 Qa5 12. Rd1 Rfb8 13. Rb1 Ne8 14. Bd2 Ra7 15.
b3 Qa3 16. e4 Ne5 17. Nxe5 Bxe5 18. Na4 Nf6 19. Bf1 Bxf1 20. Rxf1 Nd7 21. Bc3
Bxc3 22. Nxc3 Rb4 23. Qc1 Ne5 24. Qe3 Rab7 25. f4 Nd7 26. e5 c4 27. exd6 exd6
28. Ne4 R7b6 29. Rbc1 Qxa2 30. Rxc4 Rxb3 31. Qd4 Rb8 32. Rc7 Rb2 33. Nf2 Rd2
34. Qc3 Nc5 35. Ng4 Rg2+ 36. Kh1 Rxh2+ 37. Nxh2 Qxd5+ 38. Nf3 Ne4 39. Rc8+ Rxc8
40. Qxc8+ Kg7 41. Rg1 Qd3 42. Ne1 Nxg3+ 43. Kg2 Qe3 44. Qh3 Nf5 45. Qxe3 Nxe3+
46. Kf3 Nf5 47. Nc2 h5 48. Ne3 Kf6 49. Nxf5 Kxf5 50. Rg5+ Ke6 51. Ke4 h4 52.
Kf3 d5 53. Rg4 Kf5 54. Rxh4 d4 55. Rh1 1-0

[Event "Politiken Cup 2007"]
[Site "Helsingor"]
[Date "2007.07.21"]
[Round "1.27"]
[White "Lund, Esben"]
[Black "Hobber, Anders"]
[Result "1/2-1/2"]
[WhiteElo "2396"]
[BlackElo "1954"]
[PlyCount "89"]
[EventDate "2007.??.??"]

1. d4 Nf6 2. c4 e6 3. Nc3 d5 4. cxd5 exd5 5. Bg5 Be7 6. e3 O-O 7. Bd3 Re8 8.
Qc2 h6 9. Bh4 c5 10. Nge2 Nc6 11. a3 cxd4 12. exd4 Qb6 13. Rd1 Bg4 14. O-O Bxe2
15. Nxe2 Rac8 16. Qb1 Ne4 17. Bxe7 Rxe7 18. Rfe1 Rce8 19. Nc3 Nxc3 20. Rxe7
Rxe7 21. bxc3 Qxb1 22. Rxb1 b6 23. Kf1 Na5 24. Rb5 Rd7 25. Ke2 Kf8 26. Bb1 Nc4
27. Ba2 Nxa3 28. Rxd5 Rxd5 29. Bxd5 Nb5 30. Kd3 Ke7 31. Bb3 f6 32. h4 Nd6 33.
c4 Nf5 34. h5 Kd6 35. Ba4 Ne7 36. Be8 a5 37. Kc3 Nc6 38. g3 Ne7 39. Bf7 Nc6 40.
Be8 Ne7 41. Bf7 Nc6 42. Bd5 b5 43. Bxc6 b4+ 44. Kb3 Kxc6 45. Ka4 1/2-1/2

[Event "Politiken Cup 2007"]
[Site "Helsingor"]
[Date "2007.07.21"]
[Round "1.28"]
[White "Jorgensen, Kasper Moller"]
[Black "Pedersen, Christian Kyndel"]
[Result "0-1"]
[WhiteElo "1954"]
[BlackElo "2392"]
[PlyCount "108"]
[EventDate "2007.??.??"]

1. e4 c5 2. Nf3 d6 3. d4 cxd4 4. Nxd4 Nf6 5. Nc3 a6 6. Bg5 e6 7. f4 Qc7 8. Bxf6
gxf6 9. a4 Nc6 10. Be2 Bg7 11. Nb3 Ne7 12. g4 f5 13. gxf5 Bxc3+ 14. bxc3 Qxc3+
15. Qd2 Qxd2+ 16. Nxd2 exf5 17. Nc4 fxe4 18. Nxd6+ Kf8 19. Nxe4 Bd7 20. Rg1 Bc6
21. Nf6 Rd8 22. Bd3 Ng6 23. Rf1 Rd4 24. Kd2 Ke7 25. Nh5 Rhd8 26. a5 Kf8 27. Ra3
R8d6 28. Kc1 Ne7 29. Ng3 Rh6 30. Rf2 Rh4 31. Ne2 Rd6 32. Ng1 Rdh6 33. h3 Rf6
34. Rc3 Rhxf4 35. Rxf4 Rxf4 36. Rc5 h6 37. Kd2 Kg7 38. Ke3 Rh4 39. Kf2 f5 40.
Kg3 Rh5 41. Kf2 Kf6 42. Be2 Rh4 43. Bd3 Ke6 44. Rc4 Rxc4 45. Bxc4+ Ke5 46. Ne2
Be4 47. Bb3 Nc6 48. Nc3 Nxa5 49. Nxe4 fxe4 50. Bg8 Kf4 51. Ke2 b5 52. Be6 Nc6
53. c3 b4 54. cxb4 Nd4+ 0-1

[Event "Politiken Cup 2007"]
[Site "Helsingor"]
[Date "2007.07.21"]
[Round "1.29"]
[White "Bulski, Krzysztof"]
[Black "Thorvaldsson, Arni"]
[Result "1-0"]
[WhiteElo "2396"]
[BlackElo "1947"]
[PlyCount "59"]
[EventDate "2007.??.??"]

1. e4 e6 2. d4 d5 3. Nc3 Nf6 4. Bg5 dxe4 5. Nxe4 Be7 6. Bxf6 Bxf6 7. Nf3 Nd7 8.
Qe2 O-O 9. O-O-O b6 10. g4 Bb7 11. Bg2 Rc8 12. h4 Be7 13. Ne5 Nxe5 14. dxe5 Qe8
15. g5 Bxe4 16. Qxe4 Rd8 17. f4 Bc5 18. Rxd8 Qxd8 19. Rd1 Qe7 20. Qd3 a5 21.
Be4 g6 22. h5 Kg7 23. a3 Rb8 24. Qh3 Rg8 25. Kb1 Qe8 26. Rd3 b5 27. Qh1 b4 28.
Bc6 Qb8 29. hxg6 fxg6 30. Rd7+ 1-0

[Event "Politiken Cup 2007"]
[Site "Helsingor"]
[Date "2007.07.21"]
[Round "1.31"]
[White "Nielsen, Jens Holm"]
[Black "Sorensen, Torben"]
[Result "0-1"]
[WhiteElo "1946"]
[BlackElo "2375"]
[PlyCount "82"]
[EventDate "2007.??.??"]

1. f4 g6 2. Nf3 d5 3. d4 Bg7 4. e3 Nf6 5. Be2 O-O 6. O-O c5 7. c3 b6 8. Ne5 Ba6
9. Bxa6 Nxa6 10. Qe2 Nc7 11. Nd2 Nce8 12. Nd3 Rc8 13. Nf2 Nd6 14. Qf3 Qc7 15.
Re1 Rfd8 16. Ng4 Nxg4 17. Qxg4 b5 18. Nf1 b4 19. Bd2 Nc4 20. Reb1 Rb8 21. Be1
e6 22. Qe2 bxc3 23. bxc3 Qa5 24. Rc1 Rb2 25. Rc2 Rdb8 26. Rac1 cxd4 27. cxd4
Qxa2 28. Bc3 Rxc2 29. Rxc2 Qb3 30. Be1 Qb1 31. Bf2 a5 32. Ra2 Bf8 33. Qc2 Qxc2
34. Rxc2 Rb1 35. g3 a4 36. Ra2 a3 37. Kg2 Rb2 38. Ra1 a2 39. Kf3 Bb4 40. Bg1
Rc2 41. Kg4 Bc3 0-1

[Event "Politiken Cup 2007"]
[Site "Helsingor"]
[Date "2007.07.21"]
[Round "1.32"]
[White "Thorfinnsson, Bragi"]
[Black "Andersen, Dag"]
[Result "1-0"]
[WhiteElo "2389"]
[BlackElo "1944"]
[PlyCount "81"]
[EventDate "2007.??.??"]

1. e4 e6 2. d4 d5 3. Nc3 Bb4 4. e5 c5 5. a3 Bxc3+ 6. bxc3 Ne7 7. Qg4 O-O 8. Bd3
f5 9. exf6 Rxf6 10. Bg5 Rf7 11. Qh5 g6 12. Qd1 Nbc6 13. Nf3 c4 14. Be2 Qf8 15.
Qd2 Nf5 16. Ne5 Nxe5 17. dxe5 Bd7 18. h4 Ng7 19. f4 Qc5 20. g4 Bc6 21. Qd4 Qxd4
22. cxd4 b5 23. Kd2 a5 24. h5 gxh5 25. Bf6 h6 26. g5 hxg5 27. fxg5 Be8 28. g6
Rb7 29. Bxh5 Rab8 30. Rag1 b4 31. axb4 axb4 32. Bd1 b3 33. cxb3 cxb3 34. Be2 b2
35. Bd3 Ba4 36. Rh7 b1=Q 37. Bxb1 Rb2+ 38. Ke3 R8b3+ 39. Bd3 Nf5+ 40. Kf4 Rf2+
41. Kg5 1-0

[Event "Politiken Cup 2007"]
[Site "Helsingor"]
[Date "2007.07.21"]
[Round "1.33"]
[White "Rasmussen, Casper"]
[Black "Ringoir, Guy"]
[Result "1-0"]
[WhiteElo "2351"]
[BlackElo "1938"]
[PlyCount "49"]
[EventDate "2007.??.??"]

1. Nf3 Nf6 2. c4 g6 3. Nc3 Bg7 4. g3 O-O 5. Bg2 d6 6. d4 Nbd7 7. O-O e5 8. e4
Ne8 9. Re1 exd4 10. Nxd4 Nc5 11. Be3 Ne6 12. Nb3 Nf6 13. f4 Re8 14. h3 Bd7 15.
Qc2 a5 16. a4 Bc6 17. g4 b6 18. Rad1 Qc8 19. f5 Nc5 20. Nxc5 dxc5 21. e5 Bxg2
22. exf6 Bxh3 23. fxg7 Bxg4 24. Nd5 Rxe3 25. Rxe3 1-0

[Event "Politiken Cup 2007"]
[Site "Helsingor"]
[Date "2007.07.21"]
[Round "1.34"]
[White "Erikstad, Olav"]
[Black "Jepson, Christian"]
[Result "0-1"]
[WhiteElo "1936"]
[BlackElo "2374"]
[PlyCount "65"]
[EventDate "2007.??.??"]

1. e4 e5 2. f4 exf4 3. Bc4 Nf6 4. Nc3 c6 5. Nf3 d5 6. exd5 cxd5 7. Qe2+ Be7 8.
Bb5+ Nc6 9. d4 O-O 10. Bxf4 Bg4 11. Rd1 Re8 12. O-O Bd6 13. Qd2 Ne4 14. Qc1
Nxc3 15. bxc3 Qc7 16. Bxd6 Qxd6 17. Qg5 Re4 18. Bd3 f6 19. Qh4 Bxf3 20. Bxe4
Bxe4 21. Rd2 Na5 22. Rdf2 Rf8 23. Rf4 Nc4 24. Qh5 Bg6 25. Qh3 Re8 26. R1f3 Qe6
27. g4 Bxc2 28. Qh5 Nd2 29. Rf2 Bg6 30. Qh3 Qe1+ 31. Kg2 Re3 32. Qh4 Be4+ 33.
R4f3 0-1

[Event "Politiken Cup 2007"]
[Site "Helsingor"]
[Date "2007.07.21"]
[Round "1.35"]
[White "Bae, Torstein"]
[Black "Karlsson, Patrik"]
[Result "1-0"]
[WhiteElo "2364"]
[BlackElo "1934"]
[PlyCount "85"]
[EventDate "2007.??.??"]

1. e4 e5 2. Nf3 Nc6 3. Bb5 a6 4. Ba4 Nf6 5. O-O Be7 6. Bxc6 dxc6 7. d3 Bg4 8.
h3 Bxf3 9. Qxf3 Qd6 10. Nc3 Nd7 11. Qg3 Qg6 12. Ne2 Bd6 13. Qxg6 hxg6 14. d4
exd4 15. Nxd4 O-O-O 16. Re1 Rde8 17. Bd2 Rh4 18. f3 Bg3 19. Re2 c5 20. Nb3 f5
21. Be1 Bxe1 22. Raxe1 fxe4 23. Rxe4 Rhxe4 24. Rxe4 Rxe4 25. fxe4 b6 26. Kf2
Ne5 27. Nd2 Kd7 28. Ke3 Ke6 29. Kf4 Kf6 30. h4 Nc6 31. Nf3 Nb4 32. e5+ Ke7 33.
Kg5 Nxc2 34. Kxg6 Kf8 35. e6 Nd4 36. e7+ Kxe7 37. Kxg7 Ne6+ 38. Kg8 c4 39. h5
b5 40. h6 Nf8 41. Ne5 c5 42. g4 Ke8 43. h7 1-0